Recopilación de informes elaborados por la CODISRA a los diferentes organismos internacionales sobre el avance contra la discriminación y el racismo en Guatemala, periodo 2003 al 2006 /
Збережено в:
| Інші автори: | |
|---|---|
| Формат: | Книга |
| Мова: | Spanish |
| Опубліковано: |
Guatemala:
CODISRA,
2006.
|
| Предмети: | |
| Теги: |
Додати тег
Немає тегів, Будьте першим, хто поставить тег для цього запису!
|
MARC
| LEADER | 00000nam a22000007a 4500 | ||
|---|---|---|---|
| 008 | 150514s2006 gt aaaa| ||||u000 0 spa d | ||
| 040 | |a CRU CIICLA | ||
| 041 | |a spa | ||
| 082 | |a 305.8 |b R298r | ||
| 245 | 1 | 0 | |a Recopilación de informes elaborados por la CODISRA a los diferentes organismos internacionales sobre el avance contra la discriminación y el racismo en Guatemala, periodo 2003 al 2006 / |c José Francisco Calí Tzay |
| 260 | |a Guatemala: |b CODISRA, |c 2006. | ||
| 300 | |a 92 páginas : |b ilustraciones | ||
| 650 | 1 | 4 | |a DISCRIMINACION RACIAL |z GUATEMALA |
| 700 | 1 | |a Calí Tzay, José Francisco | |
| 942 | |2 ddc |c BK | ||
| 999 | |c 4110 |d 4110 | ||
